000 00789nam a2200253Ia 4500
003 OSt
005 20220923214515.0
006 a|||||r|||| 00| 0
007 ta
008 220922b |||||||| |||| 00| 0 hin d
024 _a170,224
037 _cTextual
040 _aARTS
_cARTS
_bhin
041 _2hin
_ahin
082 _aO152,3N05:g, J8
100 _aभटनागर, रामरतन
245 0 _aजैनेन्द्र साहित्य और समीक्षा
246 _aJainendra sāhitya aur samīkṣhā
260 _c1958
300 _a268पृ.
_ccm.
650 _aहिन्दी साहित्य
_9156264
942 _hO152,3N05:g, J8
_cTEXL
_2CC
999 _c324556
_d324556